Catálogo

Zoología / (Registro nro. 12693)

Detalles MARC
000 -LEADER
fixed length control field 01136cam a2200301 i 4500
001 - CONTROL NUMBER
control field 12693
003 - CONTROL NUMBER IDENTIFIER
control field Mx-PuUPA
005 - DATE AND TIME OF LATEST TRANSACTION
control field 20240410103500.0
008 - FIXED-LENGTH DATA ELEMENTS--GENERAL INFORMATION
fixed length control field 140415s1989 mx a r 000 0 spa d
020 ## - INTERNATIONAL STANDARD BOOK NUMBER
International Standard Book Number 9681829409 (edición completa)
040 ## - CATALOGING SOURCE
Original cataloging agency MX-PuUPA
Language of cataloging spa
Description conventions rda
Transcribing agency Mx-PuUPA
Modifying agency Mx-PuUPA
041 1# - LANGUAGE CODE
Language code of text/sound track or separate title spa
Language code of original eng
100 1# - MAIN ENTRY--PERSONAL NAME
Personal name Boolootian, Richard A.,
Dates associated with a name 1927
Relator term autor
9 (RLIN) 7322
240 10 - UNIFORM TITLE
Uniform title Zoology an introduction to the study of animals.
Language of a work Español
245 10 - TITLE STATEMENT
Title Zoología /
Statement of responsibility, etc. Richard A. Boolootian ; versión en español Esther Sánchez Lozano.
250 ## - EDITION STATEMENT
Edition statement Primera edición
264 #1 - PRODUCTION, PUBLICATION, DISTRIBUTION, MANUFACTURE, AND COPYRIGHT NOTICE
Place of production, publication, distribution, manufacture México, D.F. :
Name of producer, publisher, distributor, manufacturer Editorial Limusa,
Date of production, publication, distribution, manufacture, or copyright notice 1989
300 ## - PHYSICAL DESCRIPTION
Extent 4 volúmenes (paginación varía) :
Other physical details ilustraciones ;
Dimensions 27 cm.
336 ## - CONTENT TYPE
Content type term texto
Fuente rdacontent
Content type code txt
337 ## - MEDIA TYPE
Media type term sin medio
Source rdamedia
Media type code n
338 ## - CARRIER TYPE
Carrier type term volumen
Source rdacarrier
Carrier type code nc
490 0# - SERIES STATEMENT
Series statement Biblioteca Científica y Tecnológica
650 #4 - SUBJECT ADDED ENTRY--TOPICAL TERM
Topical term or geographic name entry element Zoología
700 1# - ADDED ENTRY--PERSONAL NAME
Personal name Sánchez Lozano, Esther,
Relator term traductor
765 08 - ORIGINAL LANGUAGE ENTRY
Main entry heading Boolootian, Richard A., 1927-,
Title Zoology an introduction to the study of animals.
942 ## - ADDED ENTRY ELEMENTS (KOHA)
Source of classification or shelving scheme Dewey Decimal Classification
Koha item type Libro
Classification part 591
Item part B724
Existencias
Withdrawn status Lost status Source of classification or shelving scheme Damaged status Not for loan Collection code Home library Current library Shelving location Date acquired Source of acquisition Total Checkouts Full call number Barcode Date last seen Price effective from Koha item type
    Dewey Decimal Classification     Referencia Biblioteca Karol Wojtyla Biblioteca Karol Wojtyla Área de silencio 03/12/2013 Compra   591 BOO 1989 29127 05/01/2026 24/05/2018 Libro R
    Dewey Decimal Classification     Referencia Biblioteca Karol Wojtyla Biblioteca Karol Wojtyla Área de silencio 03/12/2013 Compra   591 BOO 1989 29126 05/01/2026 24/05/2018 Libro R
    Dewey Decimal Classification     Referencia Biblioteca Karol Wojtyla Biblioteca Karol Wojtyla Área de silencio 03/12/2013 Compra   591 BOO 1989 29125 05/01/2026 24/05/2018 Libro R
    Dewey Decimal Classification     Referencia Biblioteca Karol Wojtyla Biblioteca Karol Wojtyla Área de silencio 03/12/2013 Compra   591 BOO 1989 29124 05/01/2026 24/05/2018 Libro R